000
00282nam a2200109Ia 4500
008
200302s9999 xx 000 0 und d
100
_a
Graham Owen
245
_a
Architecture Ethics and Globalization
260
_b
Routledge Taylor & Francis Group
260
_c
2009
300
_a
243 P.,
999
_c
2752
_d
2752